| 000 | 00651nam a2200193 4500 | ||
|---|---|---|---|
| 003 | LK-CoDNM | ||
| 005 | 20240217152433.0 | ||
| 008 | 240217b |||||||| |||| 00| 0 eng d | ||
| 020 | _a9786245834488 | ||
| 040 |
_aLK-CoDNM _dLK-CoDNM _eLK-CoDNM |
||
| 041 | _asin | ||
| 080 |
_a8-31 _bIPE |
||
| 100 | _aඅයිපරෙන්, රොක්ෂාන් වෑන් | ||
| 110 | _aපරිවර්තනය ප්රදීප් කුමාර බාලසූරිය | ||
| 245 | _aඅවුෂ්විට්ස් හි සොයුරියෝ | ||
| 260 |
_aColombo _bPahan Publication _c2023 |
||
| 300 | _a416p.,21cm | ||
| 942 |
_n0 _cBK |
||
| 999 |
_c145147 _d145147 |
||